175 - Né(es) un 24 juin. - Statistiques

Statistiques générales
  • Ce quiz a été pris 16 fois
  • Le résultat moyen est 3 sur 12
Statistiques - réponses
Hint Année de naissance Réponse % Correct
Joueur argentin, champion du monde en 2022. 1987 Lionel Messi|Leo Messi
86%
Animateur des émissions "Ça se discute" et "La Grande Famille". 1964 Jean-Luc Delarue
64%
Coureur automobile argentin, cinq fois champion du monde de Formule 1 (1951, 1954, 1955, 1956 et 1957). 1911 Juan Manuel Fangio
57%
Réalisateur français, membre de "La Nouvelle Vague" qui collaboré plusieurs fois collaboré avec Isabelle Huppert. 1930 Claude Chabrol
43%
Homme de spectacles français à l'origine du festival "Les Francofolies". 1943 Jean-Louis Foulquier
21%
Acteur français abonné aux seconds rôles. Vu dans "Delicatessen", "Une époque formidable...", "Tombés du ciel", "Gazon maudit", "Le Plus Beau Métier du monde", "Le Fabuleux Destin d'Amélie Poulain", "Tais-toi !", "Monsieur Batignole", "Un long dimanche de fiançailles". 1944 Ticky Holgado|Joseph Holgado
21%
Actrice américaine connue principalement pour son rôle de Dr Susan Lewis dans la série "Urgences". 1967 Sherry Stringfield
14%
Homme politique, ancien président de la Polynésie française. 1931 Gaston Flosse
7%
Un des meilleurs élèves de Rembrandt. Il exécuta la toile "Portrait d'un mathématicien" en 1658. 1616 Ferdinand Bol
0%
Compositeur des titres "Chacun fait (c'qui lui plaît)" interprété par le groupe "Chagrin d'amour", et "Cassez la voix". 1953 Gérard Presgurvic
0%
Photographe français connu pour "Le Peintre de la Tour Eiffel" et "La Fille à la fleur". 1923 Marc Riboud
0%
Sultan de l'Empire ottoman et calife de l’islam de 1617 à 1618, puis du 20 mai 1622 au 10 septembre 1623. Son neveu Murad IV lui succède. 1591 Moustafa Ier|le Fou
0%
Aucun quiz correspondant
Distribution des résultats
% des personnes avec chaque résultat
Percentile par nombre de réponses
Votre historique - résultats
Vous n’avez pas pris ce quiz